000 01452nam a2200277Ia 4500
999 _c39665
_d39665
001 6267
003 GE_BSU
005 20191031164359.0
008 181216s2012||||ge |||||||||||||| ||geo||
020 _a9789941198434
040 _cGE_BSU
041 _ageo
080 _a27-167.2 ა-62
245 _aანგელოზები /
_cშემდგ. კახაბერ კენკიშვილი ; პროექტის რედ. თამარ მამაცაშვილი.
264 _aთბილისი :
_bპალიტრა L,
_c2012.
300 _a151 გვ.;
_b20 სმ.
490 _aსაქართველოს იმედი :
_vყველა წმინდანი, რომელთა შესახებაც უნდა იცოდე,
_xISSN 2298-0547
500 _aიბეჭდება სრ. საქ. კათოლიკოს-პატრიარქის ილია II-ის ლოცვა-კურთხევით.
653 _aანგელოზები
653 _aსასწაულები
653 _aმართლმადიდებლობის ისტორია
653 _aრელიგია
700 _aკენკიშვილი, კახაბერ
_eშემდგენელი
_95194
700 _aმამაცაშვილი, თამარ
_eრედაქტორი
_92211
942 _cBK
_2udc